=LDR 00000nam 2200000 4500 =001 NUTBA000000000005836 =005 20141111144731.0 =006 =007 =008 =020 ##$$a 979-2442-02-2 =035 ##$$a 0010-111400000000315 =040 ##$$a NBPDMAT =090 ##$$a 595.1 $b Hew h =245 ##$$a Hewan penyubur tanah/ Penyunting, Bachtiar DM ... [et.all] =250 ##$$a Cet.2 =260 ##$$a Jakarta : $b Citra Unggul Laksana, $c 2010 =300 ##$$a 48 hlm. : $b ilus. ; $c 20 cm. =500 ##$$a Bibliografi : hlm. 46, $a Indeks : Hlm. 47 =650 ##$$a Bintang dan Tanah =700 ##$$a Bachtiar DM =850 ##$$a NBPDMAT